Catálogo público

(Record no. 184342)

MARC details
000 -CABECERA
campo de control de longitud fija 01042nam a2200241Ia 4500
001 - NÚMERO DE CONTROL
campo de control IA_This project involves the production of tomato (Lycopersicum esculentum L.) under greenhouse and preparation of material by simple processes but to ensure health, safety and quality for consumers.
008 - DATOS DE LONGITUD FIJA--INFORMACIÓN GENERAL
campo de control de longitud fija 220117s xx 000 0 und d
010 ## - NÚMERO DE CONTROL DE LA BIBLIOTECA DEL CONGRESO
Número de control de LC 184342
530 ## - NOTA DE FORMATO FÍSICO ADICIONAL DISPONIBLE
Nota de formato físico adicional disponible Disponible en PDF
583 ## - NOTA DE ACCIÓN
Acción 1 ej. imp. ; 2 ej. CD
650 #0 - PUNTO DE ACCESO ADICIONAL DE MATERIA--TÉRMINO DE MATERIA
Término de materia o nombre geográfico como elemento de entrada Agricultural industry
Subdivisión geográfica Mexico
-- Chiapas
9 (RLIN) 156755
650 #0 - PUNTO DE ACCESO ADICIONAL DE MATERIA--TÉRMINO DE MATERIA
Término de materia o nombre geográfico como elemento de entrada Entrepreneurship
Subdivisión geográfica Mexico
-- Chiapas
9 (RLIN) 152181
650 #0 - PUNTO DE ACCESO ADICIONAL DE MATERIA--TÉRMINO DE MATERIA
Término de materia o nombre geográfico como elemento de entrada Industria agrícola
Subdivisión geográfica México
-- Chiapas
9 (RLIN) 156756
650 #0 - PUNTO DE ACCESO ADICIONAL DE MATERIA--TÉRMINO DE MATERIA
Término de materia o nombre geográfico como elemento de entrada Iniciativa empresarial
Subdivisión geográfica México
-- Chiapas
9 (RLIN) 152182
650 ## - PUNTO DE ACCESO ADICIONAL DE MATERIA--TÉRMINO DE MATERIA
Término de materia o nombre geográfico como elemento de entrada Tomate
9 (RLIN) 113672
650 ## - PUNTO DE ACCESO ADICIONAL DE MATERIA--TÉRMINO DE MATERIA
Término de materia o nombre geográfico como elemento de entrada Tomatoes
9 (RLIN) 148444
700 ## - PUNTO DE ACCESO ADICIONAL--NOMBRE DE PERSONA
Nombre de persona Martínez Moscada, Francisco, asesor
9 (RLIN) 163707
700 1# - PUNTO DE ACCESO ADICIONAL--NOMBRE DE PERSONA
Nombre de persona Ponce Hernández, Pedro
9 (RLIN) 147918
700 ## - PUNTO DE ACCESO ADICIONAL--NOMBRE DE PERSONA
Nombre de persona Szymanski Duqué, Rosa Guadalupe, asesor
9 (RLIN) 163708
942 ## - ELEMENTOS DE PUNTO DE ACCESO ADICIONAL (KOHA)
Tipo de ítem Koha

No items available.